000 00334nam a2200145Ia 4500
008 230312s9999||||xx |||||||||||||| ||und||
020 _a0-071-12521-4
082 _a616.6
_bKRA-C
100 _aKrane;Robert,J
245 0 _aClinical Urology
260 _bLipponcot
_c1994
300 _a1355
650 _aMedical
_vUrology
942 _cBK
999 _c3667
_d3667